000 00826nam a22002651 4500
001 143682
003 SpMaBN
005 20250915063056.0
008 981210s1972 sp spa
016 7 _abimoBNE20000173405
_zIND9800830050
_2SpMaBN
017 _aB 16316-1972
_bOficina Depósito Legal Barcelona
035 _a(OCoLC)432714091
040 _aSpMaBN
_bspa
_cCDM
_dES-MaACL
080 _a860-311.2"19"
100 1 _aSerra, Antoni,
_d1936-
_0XX1113983
_9105600
245 1 0 _aRadiografía
260 _aBarcelona :
_bLuis de Caralt,
_c[1972]
300 _a173 p. ;
_c21 cm
490 0 _aColección Gigante
830 _9181935
_aColección gigante
852 _aEs-MaACL
_bR.81872
_cDEPO2
_jC-43535
_9148870
942 _2udc
_cMONOGRAFIA
999 _c143682
_d143682